Best Colleges In The US - Sudden Death - Statistics

General Stats
  • This quiz has been taken 205 times
  • The average score is 3 of 10
Answers on the Grid
Answers color-coded by a green-red scale on the quiz's grid according to % correct below.
Massachusetts Institute of Technology
Dartmouth College
Columbia University
Northwestern University
Johns Hopkins University
Cornell University
University of Chicago
University of Pennsylvania
Duke University
California Institute of Technology
Brown University
University of California--Los Angeles
Rice University
Yale University
Stanford University
University of California, Berkeley
University of Notre Dame
Princeton University
Vanderbilt University
Harvard University
 
Answer Stats
Answer % Correct
Massachusetts Institute of Technology
86%
Harvard University
44%
Princeton University
41%
Yale University
41%
Stanford University
35%
Johns Hopkins University
25%
California Institute of Technology
22%
University of Pennsylvania
18%
Duke University
17%
Northwestern University
14%
No matching quizzes found
Score Distribution
Percent of People with Each Score
Percentile by Number Answered
Your Score History
You have not taken this quiz